00895nac a22002171u 4500008004100000010001500041020001500056020001800071082002100089100004100110245006700151250001200218260006300230300006900293500002200362650003200384856007800416942002500494999001300519952014500532100202s2005 nj |||||rill 001 0 eng d a2004007371 a0131141651 a978013114165000a621.381bKLE222 aKleitz, William. 91084310aDigital electronics :ba practical approach /cWilliam Kleitz. a7th ed. aUpper Saddle River, N.J. :bPearson/Prentice Hall,cc2005. axx, 908 p. :bill. (some col.) ;c29 cm. +e1 CD-ROM (4 3/4 in.) aIncludes indexes. 0aDigital electronics.910844413Table of contentsuhttp://www.loc.gov/catdir/toc/ecip0416/2004007371.html cBBk621.381 KLE2ddc c882d882 00102ddc40708 aMAINbMAINc1STd2009-08-06epurchaseg360.00l4m3o621.381 KLEp000003647r2025-07-15 00:00:00s2020-02-18v450.00yBB